000 00442nam a2200145 i 4500
001 64222
003 ES-MaACL
005 20230906165056.0
007 t|
008 031222s1905 sp ||||1| spa d
100 1 _aFlorén Acero, V.
_951241
245 1 0 _aExperimentos de la descarga eléctrica en gases enrarecidos /
_cV. Florén Acero.
260 _aMadrid :
_b[s.n.],
_c1905 (
_fImp. de la Gaceta de Madrid)
852 _aES-MaACL
_jT-1043-F-12
999 _c64222
_d64222